000 00863nmm a2200277 a 4500
001 ocm000782498
003 TR-IsHL
005 20201028152615.0
008 150709s2008 tu tur
007 cr cn
020 _a9789944212397
035 _a782498
_b(N$T)
050 0 4 _aPL248.C45
_bM4 2008
090 0 4 _aPL248.C45
_bM4 2008
100 1 _aÇelik, Sami
245 1 0 _aMevzi: Yalınca'nın ölümsüz askerleri
_h[electronic resource] /
_cSami Çelik
250 _a1. bs.
260 _aİstanbul :
_bTruva Yayınları,
_c2008
300 _a194 p.
650 4 _aDil ve Edebiyat
650 4 _aLanguage and Literature
650 0 _aTürk romanı
650 0 _aTurkish fiction
650 7 _aLITERARY COLLECTIONS / Middle Eastern
_2bisacsh
856 4 0 _uhttp://search.ebscohost.com/login.aspx?direct=true&scope=site&db=e011xww&AN=782498
999 _c11615
_d11615